UM Logo

Stopover Hong Kong, Macau Taipei. (Record no. 5845)

MARC details
000 -LEADER
fixed length control field 00437nam a2200145 4500
008 - FIXED-LENGTH DATA ELEMENTS--GENERAL INFORMATION
fixed length control field 161122b xxu||||| |||| 00| 0 eng d
022 ## - INTERNATIONAL STANDARD SERIAL NUMBER
International Standard Serial Number 9770118389007
082 ## - DEWEY DECIMAL CLASSIFICATION NUMBER
Classification number DPer 641.05 F73 Mar-Jul 2013
245 ## - TITLE STATEMENT
Title Stopover Hong Kong, Macau Taipei.
260 ## - PUBLICATION, DISTRIBUTION, ETC. (IMPRINT)
Place of publication, distribution, etc. Quezon City:
Name of publisher, distributor, etc. ABS CBN Publishing, Inc.,
Date of publication, distribution, etc. ©2013.
300 ## - PHYSICAL DESCRIPTION
Extent pages 48-49;
Dimensions 30 cm.
500 ## - GENERAL NOTE
General note Food.
650 #0 - SUBJECT ADDED ENTRY--TOPICAL TERM
9 (RLIN) 17765
Topical term or geographic name as entry element Travel and voyages
General subdivision Food
942 ## - ADDED ENTRY ELEMENTS (KOHA)
Source of classification or shelving scheme Dewey Decimal Classification
Koha item type Periodicals
Holdings
Withdrawn status Lost status Source of classification or shelving scheme Damaged status Not for loan Collection code Home library Current library Date acquired Total Checkouts Full call number Date last seen Price effective from Koha item type Public note
    Dewey Decimal Classification     Periodicals UM Digos College - LIC UM Digos College - LIC 11/22/2016   DPer 641.05 F73 Mar-Jul 2013 11/22/2016 11/22/2016 Periodicals Periodical article